书目信息 |
| 题名: |
井下避灾
|
|
| 作者: | 王稳祥 , 向燕飞 主编 | |
| 分册: | ||
| 出版信息: | 北京 中国社会出版社 2005.05 |
|
| 页数: | 312页 | |
| 开本: | 20cm | |
| 丛书名: | ||
| 单 册: | ||
| 中图分类: | X912 | |
| 科图分类: | ||
| 主题词: | 矿业--井下--安全--培训 | |
| 电子资源: | ||
| ISBN: | 7-80146-637-3 | |
| 000 | 00762nam0 22002412 4550 | |
| 001 | 192004004518 | |
| 005 | 20070911101252.22 | |
| 010 | @a7-80146-637-3@dCNY28 .00 | |
| 100 | @a20070604d2005 ekmy0chiy0121 ea | |
| 101 | 0 | @achi |
| 102 | @aCN@b110000 | |
| 105 | @aak z 000yy | |
| 200 | 1 | @a井下避灾@Ajing xia bi zai@f主编王稳祥, 向燕飞 |
| 210 | @a北京@c中国社会出版社@d2005.05 | |
| 215 | @a312页@c图@d20cm | |
| 300 | @a矿业干部职工安全生产与管理必读 | |
| 330 | @a本书全面介绍了矿井瓦斯事故、冒顶事故、矿井水灾、矿井火灾、运输提升事故等发生的征兆及应急处理措施。 | |
| 606 | 0 | @a矿业@x井下@x安全@x培训 |
| 690 | @aX912@v4 | |
| 701 | 0 | @a王稳祥@Awang wen xiang@4主编 |
| 701 | 0 | @a向燕飞@Axiang yan fei@4主编 |
| 801 | 0 | @aCN@c20070911 |
| 905 | @dX912@eW377 | |
| 井下避灾/主编王稳祥, 向燕飞.-北京:中国社会出版社,2005.05 |
| 312页:图;20cm |
| 矿业干部职工安全生产与管理必读 |
| ISBN 7-80146-637-3:CNY28 .00 |
| 本书全面介绍了矿井瓦斯事故、冒顶事故、矿井水灾、矿井火灾、运输提升事故等发生的征兆及应急处理措施。 |
| ● |
| 相关链接 |
|
|
|
正题名:井下避灾
索取号:X912/W377
 
预约/预借
| 序号 | 登录号 | 条形码 | 馆藏地/架位号 | 状态 | 备注 |
| 1 | 616936 | 206169368 | 期刊室512/501自科库 118排2列5层/ [索取号:X912/W377] | 在馆 | |
| 2 | 616937 | 206169377 | 自科二线400A/400A自科库 27排3列3层/ [索取号:X912/W377] | 在馆 | |
| 3 | 616938 | 206169386 | 自科库501/501自科库 118排2列5层/ [索取号:X912/W377] | 在馆 | |
| 4 | 616939 | 206169395 | 自科库501/501自科库 118排2列5层/ [索取号:X912/W377] | 在馆 | |
| 5 | 616940 | 206169402 | 期刊室512/501自科库 118排2列5层/ [索取号:X912/W377] | 在馆 |